Štatistická ročenka regiónov Slovenska 2014

Salvato in:
Dettagli Bibliografici
Natura: Libro
Lingua:slovacco
inglese
Pubblicazione: Bratislava Štatistický úrad Slovenskej republiky 2015
Soggetti:
Tags: Aggiungi Tag
Nessun Tag, puoi essere il primo ad aggiungerne!!

MARC

LEADER 00000nam a2200000 4500
001 0200315
005 20251126115806.2
020 |a 978-80-8121-437-0 
041 0 |a slo 
041 0 |a eng 
044 |a SK 
245 1 0 |a Štatistická ročenka regiónov Slovenska 2014 
264 1 |a Bratislava  |b Štatistický úrad Slovenskej republiky  |c 2015 
300 |a 416 s. 
500 |a Zdroj dokumentu: Štatistický úrad SR 
610 2 0 |a Slovensko 
610 2 0 |a regióny 
610 2 0 |a demografia 
610 2 0 |a vývoj sociálny 
610 2 0 |a vývoj hospodársky 
610 2 0 |a výstavba bytová